Language Quiz

Random Language or Letter Quiz

Constant Consonants (D) Quiz Stats

Quiz Updated Feb 16, 2013

Challenge
Share
Tweet
Embed
Score 0/38 Timer 05:00
7 Plays Today
Clue (Length) Answer % Correct
Perform a task (2)Do
98.7%
Commercial (2)Ad
96.5%
Papa (3)Dad
92.7%
A deer. A female deer (3)Doe
92.6%
Reach the end of life (3)Die
91.8%
Unusual (3)Odd
91.4%
'Much ___ About Nothing' (3)Ado
90.9%
Instinctual part of the psyche (2)Id
89.6%
Bird that epitomizes extinction (4)Dodo
88.2%
Princess __ (2)Di
88.2%
Defective bomb (3)Dud
88%
Date associated with a library book (3)Due
87.2%
Coloring agent (3)Dye
86.8%
Sean Combs was Puff _____ (5)Daddy
86.6%
Sullivan, Asner or Grimley (2)Ed
86.5%
Sean Combs is P. _____ (5)Diddy
85.5%
Property title (4)Deed
84.5%
Tally a total (3)Add
83.4%
'Shaun of the ____' (4)Dead
82.8%
Clue (Length) Answer % Correct
Creative thought (4)Idea
79.8%
'It's Howdy _____ time!' (5)Doody
78.8%
Accomplished (3)Did
75.8%
Pairing (3)Duo
72.4%
Lend a hand (3)Aid
71.1%
Type of ranch for a city slicker (4)Dude
70.8%
Drink made of fruit, usually citrus (3)Ade
68.3%
Garfield's canine nemesis (4)Odie
66.6%
Ugandan despot Amin (3)Idi
61.5%
Comedian Izzard (5)Eddie
57.5%
VIP's assistant (4)Aide
55.4%
Pertaining to sound (5)Audio
48.3%
Opera set in Egypt (4)Aida
47%
'White Flag' singer (4)Dido
44.2%
Thingamabob (6)Doodad
43.6%
Device that conducts current in one direction (5)Diode
36%
World War II and movie hero _____ Murphy (5)Audie
31.1%
Iodine compound in formal oxidation state (6)Iodide
22.8%
Name of 5 rivers in the UK (3)Dee
21.5%

You're not logged in!

Compare scores with friends on all Sporcle quizzes.
Join for Free
OR
Log In

You Might Also Like...

Show Comments

Extras

Top Quizzes Today


Score Distribution

Your Account Isn't Verified!

In order to create a playlist on Sporcle, you need to verify the email address you used during registration. Go to your Sporcle Settings to finish the process.

Report this User

Report this user for behavior that violates our Community Guidelines.

Details: